Recycling Construction & Demolition Waste : (Record no. 15125)
[ view plain ]
| 000 -LEADER | |
|---|---|
| fixed length control field | 01566cam a22003854a 4500 |
| 001 - CONTROL NUMBER | |
| control field | 16517435 |
| 005 - DATE AND TIME OF LATEST TRANSACTION | |
| control field | 20110103112810.0 |
| 008 - FIXED-LENGTH DATA ELEMENTS--GENERAL INFORMATION | |
| fixed length control field | 101025s2010 nyua b 001 0 eng |
| 010 ## - LIBRARY OF CONGRESS CONTROL NUMBER | |
| LC control number | 2010283355 |
| 015 ## - NATIONAL BIBLIOGRAPHY NUMBER | |
| National bibliography number | GBB069694 |
| Source | bnb |
| 016 7# - NATIONAL BIBLIOGRAPHIC AGENCY CONTROL NUMBER | |
| Record control number | 015571692 |
| Source | Uk |
| 020 ## - INTERNATIONAL STANDARD BOOK NUMBER | |
| International Standard Book Number | 0071713387 (hbk.) |
| 020 ## - INTERNATIONAL STANDARD BOOK NUMBER | |
| International Standard Book Number | 9780071713382 (hbk.) |
| 035 ## - SYSTEM CONTROL NUMBER | |
| System control number | (OCoLC)ocn640078081 |
| 040 ## - CATALOGING SOURCE | |
| Original cataloging agency | UKM |
| Transcribing agency | UKM |
| Modifying agency | BTCTA |
| -- | YDXCP |
| -- | C#P |
| -- | CDX |
| -- | VP@ |
| -- | DLC |
| 042 ## - AUTHENTICATION CODE | |
| Authentication code | lccopycat |
| 043 ## - GEOGRAPHIC AREA CODE | |
| Geographic area code | n-us--- |
| 050 00 - LIBRARY OF CONGRESS CALL NUMBER | |
| Classification number | TD899.C5885 |
| Item number | W55 2010 |
| 082 04 - DEWEY DECIMAL CLASSIFICATION NUMBER | |
| Classification number | 690.0286 |
| Edition number | 22 |
| Item number | WIN |
| 100 1# - MAIN ENTRY--PERSONAL NAME | |
| Personal name | Winkler, Greg. |
| 9 (RLIN) | 23115 |
| 245 10 - TITLE STATEMENT | |
| Title | Recycling Construction & Demolition Waste : |
| Remainder of title | A LEED-Based Toolkit / |
| Statement of responsibility, etc | Greg Winkler. |
| 246 3# - VARYING FORM OF TITLE | |
| Title proper/short title | Recycling construction and demolition waste |
| 260 ## - PUBLICATION, DISTRIBUTION, ETC. (IMPRINT) | |
| Place of publication, distribution, etc | New York : |
| Name of publisher, distributor, etc | McGraw-Hill Professional, 2010 |
| Date of publication, distribution, etc | c2010. |
| 300 ## - PHYSICAL DESCRIPTION | |
| Extent | xvii, 233 p. : |
| Other physical details | ill. ; |
| Dimensions | 25 cm. |
| 490 1# - Series Statement | |
| Series statement | McGraw-Hill's greensource series |
| -- | 23116 |
| 500 ## - GENERAL NOTE | |
| General note | "A GreenSource book"--Cover. |
| 504 ## - BIBLIOGRAPHY, ETC. NOTE | |
| Bibliography, etc | Includes bibliographical references and index. |
| 650 #0 - SUBJECT ADDED ENTRY--TOPICAL TERM | |
| Topical term or geographic name as entry element | Construction and demolition debris |
| General subdivision | Recycling. |
| 9 (RLIN) | 23117 |
| 650 #0 - SUBJECT ADDED ENTRY--TOPICAL TERM | |
| Topical term or geographic name as entry element | Construction and demolition debris |
| General subdivision | Recycling |
| Geographic subdivision | United States. |
| 9 (RLIN) | 23118 |
| 653 ## - INDEX TERM--UNCONTROLLED | |
| Resource For college | |
| Arrived date list | April2011 |
| 830 #0 - SERIES ADDED ENTRY--UNIFORM TITLE | |
| Uniform title | McGraw-Hill's GreenSource series. |
| 9 (RLIN) | 23119 |
| 942 ## - ADDED ENTRY ELEMENTS (KOHA) | |
| Source of classification or shelving scheme | Dewey Decimal Classification |
| Item type | Book - Borrowing |
| Withdrawn status | Item status | Source of classification or shelving scheme | Damaged status | Not for loan | Vendor | Home library | Current library | Shelving location | Date acquired | Source of acquisition | Cost, normal purchase price | Serial Enumeration / chronology | Total Checkouts | Total Renewals | Full call number | Barcode | Date last seen | Date last borrowed | Koha item type |
|---|---|---|---|---|---|---|---|---|---|---|---|---|---|---|---|---|---|---|---|
| Dewey Decimal Classification | Baccah | Central Library | Central Library | First floor | 18/04/2011 | 448.00 | 12085 | 1 | 1 | 690.0286 WIN | 000023245 | 15/07/2025 | 14/04/2019 | Book - Borrowing |